000 00523nam a2200169Ia 4500
003 LK-CoDNM
008 010623t xxu||||| |||| 00| 1 sin d
040 _aLK-CoDNM
_dLK-CoDNM
_eLK-CoDNM
041 _asin
080 _a294.32 GNA
100 _aGnanaseeha Thero,Henpitagedara.
245 _aශුන තා දර්ශනය හා මහරහතන් වහන්සේ
246 _aShunyatha Darshanaya Ha Maharahathan Wahanse
260 _bSri Sumana Piriwena
_aRatnapura
300 _b273p., 21 cm
942 _cBK
999 _c141221
_d141221